Datum a čas kvízu
27
Celkem bodů
Celkový počet nahraných bodů na tomto kvízu bez doplňovacích otázek.
3.
Pořadí na kvízu
Konečné umístění týmu na tomto kvízu.
Zaznamenané odpovědi
| # | Otázka | Odpověď | Body | Výsledky |
|---|---|---|---|---|
| 1. | Jedna z českých chráněných kra... | CHKO Jeseníky | 0 | |
| 2. | Na letišti v jednom evropském... | Paříž | 0 | |
| 3. | Ve Francii byl minulý týden dr... | Vincent van Gogh | 1 | |
| 4. | Česká pivní dvojka, společnost... | Pardubice | 0 | |
| 5. | V 51. ročníku ankety Zlatá hok... | třetí triumf | 1 | |
| 6. | Téma o Cimrmanovi jste si vybr... | C | 1 | |
| 7. | Která z těchto postav nevystup... | C | 1 | |
| 8. | Jak se jmenuje tento přední če... | Miloň Čepelka | 1 | |
| 9. | Příjmení Cimrman vymyslel Jiří... | B | 1 | |
| 10. | „Jdu na sever. A už jdu ___ __... | na jih | 1 |